000 00636nam a2200217Ii 4500
001 12068
003 CO-ViMGA
008 241108s9999||||xx |||||||||||||| ||und||
020 _a9688604585
040 _aCO-ViMGA
_bspa
_erda
_cCO-ViMGA
041 0 _aspa
082 0 4 _a121 R696
100 1 _aMauro Rodríguez Estrada
_950481
245 1 0 _aEl miedo a la verdad:
_bBiografía del poder y la memoria
264 1 _aBogotá, Colombia : PAX, 1992
300 _avolumen
336 _atext
_btxt
_2rdacontent
337 _aunmediated
_bn
_2rdamedia
338 _avolume
_bnc
_2rdacarrier
940 _aidficha_siabuc: 11778. -- ficha_no_siabuc:12068
999 _c45166
_d45166